Teuerste Transfers des SC Freiburg (Einkäufe) - Statistiken

Allgemein
  • Dieses Quiz wurde 51 mal gespielt
  • Das Durchschnittsergebnis liegt bei 6 aus 10
Antwortstatistiken
Ablöse abgebender Verein Saison Spieler % Korrekt
10 Mio. Angers SCO 20/21 Baptiste Santamaria
88%
6 Mio. RB Salzburg 23/24 Junior Adamu
83%
5 Mio. Werder Bremen 21/22 Maximilian Eggestein
79%
7 Mio. TSG Hoffenheim 19/20 Vincenzo Grifo
75%
4,80 Mio. VFL Bochum 24/25 Patrick Osterhage
73%
8,5 Mio. PSV Eindhoven 22/23 Ritsu Doan
73%
5 Mio. Werder Bremen 24/25 Eren Dinkçi
65%
7,93 Mio. Altinordu 16/17 Çağlar Söyüncü
44%
5 Mio. Hamburger SV 18/19 Luca Waldschmidt
38%
6 Mio. Dynamo Kyiv 14/15 Admir Mehmedi
27%
Keine übereinstimmenden Quizze gefunden
Verteilung der Resultate
Anzahl Personen mit jedem Resultat
Perzentil nach korrekt beantworteten Fragen
Ihre Resultats-Entwicklung
Sie haben dieses Quiz noch nicht gespielt